=LDR 00000nam 2200000 4500 =001 INLIS000000000023813 =005 20130612122436 =008 ***********************************Ind** =035 ##$$0010-061300000023813 =041 ##$$a Ind =082 ##$$a 372.7 =090 ##$$a 372.7, Win m =100 ##$$a Winarto, Joko =245 ##$$a Matematika 5 C pendidikan dasr 9 tahun sekolah dasr kelas 5 catur wulan III , Joko Winart =260 ##$$a 1997 $b Surakarta =300 ##$$a 88 hlm, ilus, 28 cm =650 ##$$a Pendidikan dasar - Matematika =850 ##$$a NBPNMAT